LDR 00779naa#a2200193#i#450# 001 EN\INFRA-M\bibl\120703 005 20260701123238.3 011 ## _a1998-0744 100 ## _a20260622b2026####ek#y0engy0150####ca 102 ## _aRU 200 1# _aElectronic textbook on geography as an educational resource _eJournal article 210 1# _aMoscow _cINFRA-M Academic Publishing LLC. _d2026 215 ## _a5 с. 608 ## _aJournal article _2local 675 ## _aНародное образование. Воспитание. Обучение. Организация досуга. 37 _aПреподавание отдельных учебных предметов. 372.8 _z 700 #1 _aShul'gina _gOl'ga Vladimirovna 700 #1 _aVoronova _gT. S. 700 #1 _aPendyurin _gVladislav Yur'evich 856 4# _azh-szf.ru _u